|
|
|
|
| LEADER |
00000nam a2200000 4500 |
| 001 |
vtls011887784 |
| 003 |
SK-MaSNL |
| 005 |
20260302093112.0 |
| 008 |
190918s2018 xo a a 000 0 slo |
| 015 |
|
|
|a SNBA2019/10
|
| 020 |
|
|
|a 9788055168616
|q (krúžková väzba)
|
| 040 |
|
|
|a SNK
|b slo
|c SNK
|e rda
|
| 041 |
1 |
|
|a slo
|h [ger]
|
| 044 |
|
|
|a xo
|c SK
|
| 072 |
|
7 |
|a 56
|x Paleontológia
|2 konspekt
|
| 072 |
|
7 |
|a 0/9-053.2
|x Literatúra pre deti a mládež (náučná)
|2 konspekt
|
| 080 |
|
|
|a 598.192
|2 2011
|
| 080 |
|
|
|a (0.053.2)
|2 2011
|
| 080 |
|
|
|a (084.053.2)
|2 2011
|
| 080 |
|
|
|a (084.1.029.2)
|2 2011
|
| 245 |
0 |
0 |
|a Dinosaury
|b samolepky, aktivity, maľovanie
|c preložila Miriam Malinová
|
| 264 |
|
1 |
|a Bratislava
|b Ikar, a.s. - Stonožka
|c 2019
|
| 300 |
|
|
|a 48, 47 nečíslovaných strán
|b ilustrácie
|c 27 cm
|e 4 listy samolepiek
|
| 336 |
|
|
|a text
|b txt
|2 rdacontent
|
| 336 |
|
|
|a statický obraz
|b sti
|2 rdacontent
|
| 337 |
|
|
|a bez média
|b n
|2 rdamedia
|
| 338 |
|
|
|a zväzok
|b nc
|2 rdacarrier
|
| 500 |
|
|
|a Preložené prevdepodobne z nemčiny
|
| 500 |
|
|
|a Listy sa samolepkami na začiatku publikácie
|
| 521 |
8 |
|
|a Pre deti od 5 rokov
|
| 650 |
0 |
7 |
|a dinosaury
|2 SNKPH
|9 31671
|
| 650 |
0 |
7 |
|a Dinosaurs
|2 SNKPHeng
|9 286425
|
| 655 |
|
7 |
|a publikácie pre deti
|2 SNKPH
|9 70148
|
| 655 |
|
7 |
|a maľovanky
|2 SNKPH
|9 70662
|
| 655 |
|
7 |
|a samolepky
|2 SNKPH
|9 79151
|
| 655 |
|
7 |
|a Children's literature
|2 SNKPHeng
|9 276039
|
| 655 |
|
7 |
|a Colouring books
|2 SNKPHeng
|9 302494
|
| 655 |
|
7 |
|a Stickers
|2 SNKPHeng
|9 303014
|
| 700 |
1 |
|
|a Malinová, Miriam
|4 trl
|9 360649
|
| 919 |
|
|
|a 978-80-551-6861-6
|
| 958 |
|
|
|a DB
|
| 958 |
|
|
|a OP
|
| 968 |
|
|
|b DT
|
| 999 |
|
|
|c 1207491
|d 1209421
|
| 952 |
|
|
|a SNK
|b SNK
|y PREZ
|7 0
|p 17A1377159
|o snkOSB 19718
|i snk2019/23203
|8 0
|0 0
|1 0
|4 0
|d 2019-09-18
|l 0
|r 2026-02-24 23:02:24
|w 2026-02-24
|
| 952 |
|
|
|a SNK
|b SNK
|y PREZ
|7 0
|p 17A1377160
|o snkOSB 19718 D1
|i snk2019/23204
|8 0
|0 0
|1 0
|4 0
|d 2019-09-18
|l 0
|r 2026-02-24 23:02:24
|w 2026-02-24
|